000 00474nam a2200181Ia 4500
005 20250326142440.0
008 250326s9999 xx 000 0 und d
037 _aTextbook
040 _aFMSL
_beng
_cFMSL
041 _aeng
_2eng
084 _qFMSL
100 _aKaul H K
245 0 _aLibrary and information networking 98
_cKaul H K
260 _aDelhi
_bDelhi, Delnet Delhi Library Network
_c1999
300 _a387p
942 _cTB
999 _c1295074
_d1295074